Les jeux de société préférés des Français en 2024 - Statistiques

Statistiques générales
  • Ce quiz a été pris 205 fois
  • Le résultat moyen est 6 sur 20
Statistiques - réponses
Rang Réponse % Correct
2 Monopoly
92%
4 Uno
79%
9 Cluedo
57%
20 La Bonne Paye
54%
1 Scrabble
50%
3 Skyjo
43%
12 Trivial Pursuit
31%
8 Qui est-ce?
27%
14 Dobble
18%
7 Yams
18%
19 Codenames
17%
5 Puissance 4
16%
10 Les Aventuriers du Rail
15%
15 7 Wonders
14%
13 6 qui prend
12%
6 Unlock
7%
18 Mysterium
4%
17 Exploding Kittens
3%
11 Kluster
3%
16 Gagne ton papa
2%
Aucun quiz correspondant
Distribution des résultats
% des personnes avec chaque résultat
Percentile par nombre de réponses
Votre historique - résultats
Vous n’avez pas pris ce quiz